000 00366cam a22001217a 4500
008 180718b-- xxu||||| |||| 00| 0 eng d
082 _aA8x54521 G
100 _aPondicherry. Directorate of Economics and Statistics
245 _aPondicherry at a glance
260 _aPondicherry
_bThe author
_c--
500 _aLibrary has 1998-1999
650 _aPondicherry - Statistics
999 _c487338
_d487338